000 00807cab a2200205 4500
001 WB2819-53
008 090401t1992 xxu||||| |||| 00| 0 eng d
035 _a(Sirsi) u7379
041 _aeng
245 _aLandlord`s entitlement to forfeiture
260 _c1992
350 _a0
490 _aChartered Surveyor Weekly
_v39(7) 14 May 1992, 36-37(2)
520 _aLooks at "Iperion Investments Corporation v Broadwalk House Residents Ltd" HC 14 April 1992, which discussed issues relating to forfeiture, relief from forfeiture and waiver of the right to forfeit.
650 _aRELIEF FROM FORFEITURE
650 _aPROPERTY-RESIDENTIAL PROPERTY-RESIDENTIAL LANDLORD AND TENANT-RESIDENTIAL TENANCIES
690 _aLANDLORD AND TENANT-CASE LAW-RESIDENTIAL TENANCIES
942 _n0
948 _c04/03/1997
999 _c4452
_d4452